000 00350nmm a2200145 a 4500
003 AR-BaBNM
005 20251128203431.0
008 024019s1948 ||||||||||||||000 | spa||
040 _cAR-BaBNM
100 1 _aAhumada, Guillermo
245 1 0 _aTratado de finanzas públicas
260 _a[S.l.]
_bAssandri
_c1948
942 _cBK
998 _cMATO MOURAZOS
999 _c3373
_d3373